LEADER 00917nam a2200241 u 4500 001 000000002548 003 CaOOAMICUS 005 20070226104437.0 008 940920s1917 it u000 u ita u 035 $a10063468 040 $aPUL(R)$bita 100 1 $aFernández Truyols, Andrés,$cS.I.$0(OLS)http://pul/name/2726 245 10$aCesarea di Filippo /$cdi A. Fernandez Truyols. 260 $aRoma :$bPontificio Istituto Biblico,$c1917. 300 $a20 p. ;$c16 cm 490 1 $aDall'Oriente ;$v2 650 4$aCiviltà islamica.$0(OLS)http://pul/subject/2287 830 0$aDall'Oriente ;$v2.$0(OLS)http://pul/title/3759 850 $aPUL 852 $aPUL$W1$xDP1 Fondo Cecchetti$y53$m260 S 80$j3387$nBK-PRI$b $qFondi$B3387$CPULBib$Z2$F3387 $82 941 1 $a1 996 $6245$aCesarea di Filippo$9(OLS)http://pul/title/3758 996 $6260$aRoma :$bPontificio Istituto Biblico$9(OLS)http://pul/publisher/49008 LEADER 01141aam a2200265 u 4500 001 000000010629 003 CaOOAMICUS 005 20070226105334.0 008 940711s1979 fr u000 u fre u 035 $a10264272 040 $aBAV$bita 245 03$aLe diocèse de Grenoble /$csous la direction de Bernard Bligny ; postface de Mgr. Matagrin. 260 $aParis :$bBeauchesne,$c1979. 300 $a352 p. ;$c22 cm 490 1 $aHistoire des diocèses de France ;$v12 610 14$aGrenoble (diocesi)$xStoria.$0(OLS)http://pul/subject/8391 700 1 $aBligny, Bernard.$0(OLS)http://pul/name/10428 700 1 $aVregille, Bernard de,$cS.I.$0(OLS)http://pul/name/10430 700 1 $aMatagrin, Gabriel,$csac.$0(OLS)http://pul/name/10429 830 0$aHistoire des diocèses de France ;$v12.$0(OLS)http://pul/title/15502 850 $aPUL 852 $aPUL$W1$xSL Filosofia 1$y2$m126 F 47.12$j15098$nBK-PRI$qStampati$B15098$CPULBib$Z2$F15098 $H93997 $82 941 1 $a8 996 $6245$aLe diocèse de Grenoble$9(OLS)http://pul/title/15501 996 $6260$aParis :$bBeauchesne$9(OLS)http://pul/publisher/48115